000 01101cam a22001814a 4500
005 20250605164055.0
008 250528s ||||||||||||||||||||||||d
035 _a17451
040 _aGR-AtMCL
_bgre
_dGR-AtMCL
_eAACR2
245 1 _aΚαι Ηνοίχθησαν Οι Ουρανοί / Τα διαστημόπλοια του Προφήτη Ιεζεκιήλ και η επιβεβαίωση τους από τη σύγχρονη τεχνική
260 _bΗριδανός,
_c1972
300 _a250
520 _aΓενικά, Ποιός Ήταν ο Ιεζεκιήλ, Τι είδε ο Ιεζεκιήλ, Το Διαστημόπλοιο, Το Κείμενο της Βίβλου και η Διαστημική Τέχνη, Συμπληρώματα και Ανακαλύψεις, Κείμενο και Συγγραφέας και Διήγηση, Η Αποστολή, Μορφή και Μηχανισμός, Η Επέκταση της Βάσης, Παράρτημα, Πίνακας Πηγών.
700 1 _aΜπλούμριχ Γιόζεφ Φ
_93600
942 _cBK
999 _c2867
_d2867